La socialización y sus diversos aspectos (Record no. 41973)

MARC details
000 -LEADER
campo de control de longitud fija 00612nam a2200181 i 4500
001 - NÚMERO DE CONTROL
campo de control 41973
003 - IDENTIFICADOR DE NÚMERO DE CONTROL
campo de control ES-MaACL
005 - FECHA Y HORA DE LA ÚLTIMA TRANSACCIÓN
campo de control 20231229063013.0
007 - CAMPO FIJO DE DESCRIPCIÓN FÍSICA--INFORMACIÓN GENERAL
campo de control de longitud fija t|
008 - DATOS DE LONGITUD FIJA--INFORMACIÓN GENERAL
campo de control de longitud fija 030312s1967 sp ||||1| spa d
100 1# - ENTRADA PRINCIPAL--NOMBRE DE PERSONA
Nombre de persona Castán Tobeñas, José,
Fechas asociadas al nombre 1889-1969
9 (RLIN) 36392
245 13 - MENCIÓN DEL TÍTULO
Título La socialización y sus diversos aspectos
Resto del título : (notas críticas) /
Mención de responsabilidad, etc. José Castán Tobeñas.
260 ## - PUBLICACIÓN, DISTRIBUCIÓN, ETC.
Lugar de publicación, distribución, etc. Madrid :
Nombre del editor, distribuidor, etc. Reus,
Fecha de publicación, distribución, etc. 1967.
300 ## - DESCRIPCIÓN FÍSICA
Extensión 44 p. ;
Dimensiones 25 cm.
500 ## - NOTA GENERAL
Nota general Es tirada aparte de la Revista General de Legislación y Jurisprudencia, noviembre de 1966.
852 ## - LOCALIZACIÓN
Ubicación ES-MaACL
Número de control de estantería 2057-F-4
Sublocalización o colección R.62106
Holdings
Estatus retirado Estado de pérdida Estado de daño No para préstamo Colección Biblioteca de origen Biblioteca actual Ubicación en estantería Fecha de adquisición Fuente de adquisición Total de préstamos Signatura topográfica completa Código de barras Visto por última vez Precio de reemplazo Tipo de ítem Koha
        Colección de folletos Biblioteca del Ateneo de Madrid Biblioteca del Ateneo de Madrid Depósito folletos 17/01/2008     2057-F-4 1044184 23/02/2023 23/02/2023 Folleto